| 000 | 01007nam0a22002651 4500 | ||
|---|---|---|---|
| 001 | rc\162463 | ||
| 005 | 20260406151138.0 | ||
| 010 |
_a5-7958-0022-822 _911000 |
||
| 035 | _a(NLR Aleph) 005427442 | ||
| 090 |
_a7541222 _c7541222 |
||
| 100 | _a20030307d1995 |||y0rusy50 ca | ||
| 101 | 0 | _arus | |
| 102 | _aRU | ||
| 105 | _ay ||||||||| | ||
| 200 | 1 |
_aКОММЕРЧЕСКИЙ портфель _fАссоц. экон. вузов. Моск. междунар. ун-т бизнеса и информ. технологий _g[Отв. ред. Ю.Б. Рубин, В.И. Солдаткин] |
|
| 210 |
_aМ. _cСоминтэк _d1995 |
||
| 215 |
_a748 с. _d22 |
||
| 225 | 1 |
_aПортфель делового человека _v13 |
|
| 702 | 1 |
_aРубин _bЮ.Б. _gЮрий Борисович _4340 |
|
| 712 | 0 | 2 |
_aАссоциация экон. вузов _cМосква _3RU\NLR\AUTH\889926654 _9349043 |
| 801 | 0 |
_aRU _bNLR _gpsbo |
|
| 801 | 1 |
_aRU _bELAR _2rusmarc |
|
| 852 |
_aNLR _j95-5/606 |
||
| 942 | _cBOOK | ||
| 980 | _aNB | ||